| 000 | 00741nam a2200229Ia 4500 | ||
|---|---|---|---|
| 003 | OSt | ||
| 005 | 20220923220929.0 | ||
| 006 | a|||||r|||| 00| 0 | ||
| 007 | ta | ||
| 008 | 220922b |||||||| |||| 00| 0 hin d | ||
| 024 | _a192,380 | ||
| 037 | _cTextual | ||
| 040 |
_aARTS _cARTS _bhin |
||
| 041 |
_2hin _ahin |
||
| 082 | _aTN3, 152J0 | ||
| 100 | _aभारत, शिक्षा मंत्रालय | ||
| 245 | 0 | _aबुनियादी स्कूलों के लिये पाठ्य क्रम | |
| 246 | _aBuniyādī skūloan ke liye pāṭhya krama | ||
| 260 | _c1950 | ||
| 942 |
_hTN3, 152J0 _cTEXL _2CC |
||
| 999 |
_c345000 _d345000 |
||